000 00962nam a2200313 4500
003 EG-GICUC
005 20260510111203.0
008 260510s1955 enk||||fr|||| 00| 0 eng d
040 _aEG-GiCUC
_beng
_cEG-GiCUC
_dEG-GiCUC
_eRda
041 _aeng
082 0 4 _221
_a341.041
_bMA. B
092 0 4 _221
099 _aLaw1 11 341.041 MA. B 1955
100 1 _aMay, G. H. L. Le
_eAuteur
245 1 4 _aBritish Government:
_bSelect Documents /
_cG. H. L. Le May.
264 _aLondon:
_bMethuen & Co. Ltd,
_c1955.
300 _a416 page ;
_c 24 cm.
_billustrations,
336 _2rda contenu
_a texte
337 _2rda medias
_aOrdinateur
338 _2 transporteur rda
_a Ressource en ligne
500 _aIncluding index
546 _aText in English
650 1 _aPublic international law
650 1 _aBritish Government
651 1 _2qrmak
856 4 0 _uhttps://fll.law.cu.edu.eg/fulltext/bks/B11-06672.pdf
905 _a72
942 _2ddc
_n0
_cBK
_e21
999 _c76451
_d76451